[Event "5. ODEM U25 2008"]
[Site "Willingen GER"]
[Date "2008.05.13"]
[Round "5"]
[White "Kostka, Daniel"]
[Black "Ludwig, Jan"]
[Result "0-1"]
[Termination "normal"]
[Board "26"]
[WhiteElo "1572"]
[BlackElo "1957"]
[PlyCount "44"]
[BlackFideId "24643289"]
[EventCountry "GER"]
[EventRounds "9"]
[EventType "swiss"]
[EventDate "2008.05.10"]

1. e4 d5 2. exd5 Qxd5 3. Nc3 Qd6 4. d4 Nf6 5. Bd3 g6 6. Nge2 Bg7 7. Bf4 Qd8 8.
Qd2 Nc6 9. O-O-O O-O 10. Bc4 a6 11. Rhe1 b5 12. Bxb5 axb5 13. Nxb5 Nd5 14. Nec3
Ncb4 15. a3 Nxc3 16. Nxc3 Nd5 17. Nxd5 Qxd5 18. Rxe7 c5 19. Be5 Qa2 20. Qc3
cxd4 21. Qxd4 Bxe5 22. Rxe5 Be6 0-1

[Event "5. ODEM U25 2008"]
[Site "Willingen GER"]
[Date "2008.05.13"]
[Round "5"]
[White "Carow, Annelen"]
[Black "Roitzsch, Philippe"]
[Result "0-1"]
[Termination "normal"]
[Board "27"]
[WhiteElo "1542"]
[BlackElo "1971"]
[PlyCount "86"]
[WhiteFideId "24692492"]
[BlackFideId "24635529"]
[EventCountry "GER"]
[EventRounds "9"]
[EventType "swiss"]
[EventDate "2008.05.10"]

1. d4 Nf6 2. c4 e6 3. Nf3 b6 4. Nc3 Bb7 5. Bg5 Be7 6. e3 h6 7. Bh4 d6 8. Be2
Nbd7 9. O-O O-O 10. b4 Re8 11. Qb3 Rc8 12. a4 Ne4 13. Bxe7 Qxe7 14. Nxe4 Bxe4
15. Nd2 Bg6 16. a5 e5 17. d5 f5 18. axb6 axb6 19. Ra7 e4 20. Rfa1 Qf6 21. Qd1
f4 22. Bg4 Bf5 23. exf4 e3 24. fxe3 Rxe3 25. Bxf5 Qxf5 26. Ra8 Nb8 27. g3 Rce8
28. Nf1 Rd3 29. Qa4 Qe4 30. Ra2 Rf8 31. Qc2 Qd4+ 32. Kg2 Rc3 33. Qe2 Qxc4 34.
Qe6+ Kh8 35. Ne3 Qd3 36. Ng4 Rc2+ 37. Rxc2 Qxc2+ 38. Kh3 Qd3 39. Qe7 Qf5 40.
Qe6 Qh5+ 41. Kg2 Re8 42. Rxb8 Rxb8 43. Qd7 Qxd5+ 0-1

[Event "5. ODEM U25 2008"]
[Site "Willingen GER"]
[Date "2008.05.13"]
[Round "5"]
[White "Kunz, André"]
[Black "Berger, Manuel"]
[Result "1-0"]
[Termination "normal"]
[Board "28"]
[WhiteElo "1915"]
[BlackElo "1541"]
[PlyCount "41"]
[WhiteFideId "24623652"]
[BlackFideId "24692506"]
[EventCountry "GER"]
[EventRounds "9"]
[EventType "swiss"]
[EventDate "2008.05.10"]

1. e4 c5 2. Nc3 Nc6 3. Bb5 g6 4. Bxc6 bxc6 5. f4 d5 6. d3 Nf6 7. e5 Nd7 8. Nf3
e6 9. O-O Bg7 10. b3 Ba6 11. Na4 Rb8 12. Qe1 O-O 13. Ba3 Re8 14. Nxc5 Nxc5 15.
Bxc5 Rb7 16. Qc3 Qd7 17. Nd4 Rc8 18. Qa5 Bb5 19. a4 Bxd3 20. cxd3 f6 21. Bd6
1-0

[Event "5. ODEM U25 2008"]
[Site "Willingen GER"]
[Date "2008.05.13"]
[Round "5"]
[White "Nitze, Florian"]
[Black "Arps, Jan-Philipp"]
[Result "0-1"]
[Termination "normal"]
[Board "29"]
[WhiteElo "1530"]
[BlackElo "2027"]
[PlyCount "126"]
[WhiteFideId "24603902"]
[BlackFideId "24645680"]
[EventCountry "GER"]
[EventRounds "9"]
[EventType "swiss"]
[EventDate "2008.05.10"]

1. d4 Nf6 2. c4 e5 3. dxe5 Ng4 4. Nf3 Bc5 5. e3 Nc6 6. a3 a5 7. Nc3 O-O 8. h3
Ngxe5 9. Nxe5 Nxe5 10. Be2 Re8 11. O-O d6 12. b3 Bd7 13. Bb2 Re6 14. Ne4 Ba7
15. Bxe5 Rxe5 16. Ng3 Qh4 17. Kh2 Rae8 18. Bf3 Rg5 19. Ne2 c6 20. Nf4 Bb8 21.
g3 Qh6 22. h4 Rge5 23. Kg2 Qf6 24. Qd2 h6 25. h5 Bc7 26. Rh1 Rg5 27. Rae1 Bg4
28. Bxg4 Rxg4 29. Qd1 Rg5 30. Nh3 Rge5 31. Nf4 Rg5 32. Nh3 Rc5 33. Nf4 a4 34.
Nd3 Ra5 35. b4 Raa8 36. Rh4 Qc3 37. c5 Qxa3 38. Qc2 Qb3 39. Qxb3 axb3 40. Rb1
Ra3 41. cxd6 Bxd6 42. Nc1 Re5 43. Rxb3 Rxb3 44. Nxb3 Rb5 45. Rd4 Bxb4 46. Rd7
Bc3 47. Nd4 Bxd4 48. Rxd4 Rd5 49. Re4 Kf8 50. g4 b5 51. Kf3 c5 52. Ke2 f6 53.
Re6 Kf7 54. Rb6 b4 55. Rb7+ Ke6 56. Rxg7 c4 57. Rb7 b3 58. f4 Rc5 59. Kd2 c3+
60. Kc1 b2+ 61. Kc2 Kd5 62. Rh7 Rb5 63. Rd7+ Ke4 0-1

[Event "5. ODEM U25 2008"]
[Site "Willingen GER"]
[Date "2008.05.13"]
[Round "5"]
[White "Kahleys, Kevin"]
[Black "Zuferi, Enis"]
[Result "1-0"]
[Termination "normal"]
[Board "30"]
[WhiteElo "1955"]
[BlackElo "1462"]
[PlyCount "77"]
[WhiteFideId "24669601"]
[BlackFideId "24692530"]
[EventCountry "GER"]
[EventRounds "9"]
[EventType "swiss"]
[EventDate "2008.05.10"]

1. d4 Nf6 2. c4 g6 3. Nf3 Bg7 4. g3 d6 5. Bg2 O-O 6. O-O Nbd7 7. Nc3 c5 8. e4
Nb6 9. Qe2 cxd4 10. Nxd4 Qc7 11. b3 Bd7 12. Bb2 Qc8 13. Rfe1 Ng4 14. Nc2 Ne5
15. a4 Bh3 16. Ne3 Bxg2 17. Kxg2 Nbd7 18. Ncd5 Re8 19. f4 Nc6 20. Rad1 Nc5 21.
Bxg7 Kxg7 22. Qb2+ e5 23. Nc3 Nd4 24. Ned5 a6 25. Nb6 Qg4 26. Qf2 Rad8 27. Ncd5
Nxe4 28. Qf1 f5 29. Nc7 Re7 30. Nbd5 Red7 31. Rxd4 exd4 32. Ne6+ Kg8 33. Nxd8
Rxd8 34. Rxe4 Rf8 35. Re7 Rf7 36. Qe1 Rxe7 37. Qxe7 Qh5 38. Nf6+ Kh8 39. Qf8#
1-0

[Event "5. ODEM U25 2008"]
[Site "Willingen GER"]
[Date "2008.05.13"]
[Round "5"]
[White "Kinzel, Franziska"]
[Black "Ehlers, Michael"]
[Result "1-0"]
[Termination "normal"]
[Board "31"]
[WhiteElo "1526"]
[BlackElo "1988"]
[PlyCount "63"]
[BlackFideId "4674537"]
[EventCountry "GER"]
[EventRounds "9"]
[EventType "swiss"]
[EventDate "2008.05.10"]

1. b3 c5 2. Bb2 Nc6 3. e3 d5 4. f4 d4 5. exd4 Nxd4 6. Ne2 e5 7. fxe5 Qh4+ 8.
Ng3 Bg4 9. Qc1 O-O-O 10. Bxd4 Rxd4 11. Bd3 Rf4 12. Nc3 Ne7 13. Qa3 Kb8 14. Be2
Nf5 15. O-O-O Nxg3 16. hxg3 Qxg3 17. Qa5 b6 18. Qb5 Bc8 19. Qe8 Rd4 20. Rhf1 c4
21. Kb1 Rxd2 22. Rf3 Rxd1+ 23. Bxd1 Qe1 24. bxc4 f6 25. Rd3 Qxe5 26. Rd8 Qxe8
27. Rxe8 g6 28. Nb5 Bg7 29. Re7 Bh6 30. Rxa7 Be3 31. Bf3 Bb7 32. Rxb7+ 1-0

[Event "5. ODEM U25 2008"]
[Site "Willingen GER"]
[Date "2008.05.13"]
[Round "5"]
[White "Zimmerer, David"]
[Black "Hauffen, Kai"]
[Result "1/2-1/2"]
[Termination "normal"]
[Board "32"]
[WhiteElo "1808"]
[BlackElo "1454"]
[PlyCount "95"]
[WhiteFideId "4620224"]
[EventCountry "GER"]
[EventRounds "9"]
[EventType "swiss"]
[EventDate "2008.05.10"]

1. e4 c5 2. Nf3 d6 3. d4 cxd4 4. Nxd4 Nf6 5. Nc3 a6 6. Bc4 e6 7. Bb3 b5 8. Bg5
Be7 9. Qf3 Bb7 10. Bxe6 fxe6 11. Nxe6 Qa5 12. Nxg7+ Kf7 13. Bxf6 Bxf6 14. Nh5
Nd7 15. O-O Ke7 16. Nxf6 Nxf6 17. Qf5 Raf8 18. e5 dxe5 19. Qxe5+ Kf7 20. a4
Rhg8 21. g3 Qb6 22. axb5 axb5 23. Qxb5 Qxb5 24. Nxb5 Be4 25. Nd6+ Kg6 26. c3
Rd8 27. Ra6 Bd3 28. Rb6 Bxf1 29. Kxf1 Rb8 30. Rxb8 Rxb8 31. Nc4 Nd5 32. Ke2 Kg5
33. Kd3 Nb6 34. Nxb6 Rxb6 35. b4 Kf5 36. Kd4 Ke6 37. Kc5 Rb8 38. c4 Rc8+ 39.
Kb5 Kd6 40. c5+ Kd5 41. f4 Rb8+ 42. Ka5 Kc6 43. Ka4 Ra8+ 44. Kb3 Kb5 45. Kc3
Rd8 46. f5 Rd5 47. g4 Rd7 48. h4 1/2-1/2

[Event "5. ODEM U25 2008"]
[Site "Willingen GER"]
[Date "2008.05.13"]
[Round "5"]
[White "Müller, Johannes"]
[Black "Gheng, Hannelore"]
[Result "1-0"]
[Termination "normal"]
[Board "33"]
[WhiteElo "1719"]
[BlackElo "1439"]
[PlyCount "43"]
[WhiteFideId "24602191"]
[EventCountry "GER"]
[EventRounds "9"]
[EventType "swiss"]
[EventDate "2008.05.10"]

1. e4 c5 2. Nf3 d6 3. d4 cxd4 4. Nxd4 Nf6 5. Nc3 g6 6. Be2 Bg7 7. Be3 O-O 8.
O-O Nc6 9. f4 e5 10. Nxc6 bxc6 11. fxe5 dxe5 12. Bg5 Qb6+ 13. Kh1 Qxb2 14. Qd2
Nd7 15. Bc4 Qb4 16. Bb3 Nc5 17. Bxf7+ Rxf7 18. Rxf7 Kxf7 19. Rf1+ Ke6 20. Qd8
Nd3 21. Qe8+ Kd6 22. Qe7# 1-0

[Event "5. ODEM U25 2008"]
[Site "Willingen GER"]
[Date "2008.05.13"]
[Round "5"]
[White "Zhou, Wile"]
[Black "Ohnesorg, Felix"]
[Result "1/2-1/2"]
[Termination "normal"]
[Board "34"]
[WhiteElo "1512"]
[BlackElo "1711"]
[PlyCount "75"]
[WhiteFideId "4695674"]
[BlackFideId "24653578"]
[EventCountry "GER"]
[EventRounds "9"]
[EventType "swiss"]
[EventDate "2008.05.10"]

1. e4 c5 2. Nf3 Nc6 3. d4 cxd4 4. Nxd4 Nf6 5. Nc3 d6 6. Be3 g6 7. f3 Bg7 8. Bc4
O-O 9. Qd2 Bd7 10. O-O-O Rc8 11. Nde2 Qa5 12. Bh6 Nb4 13. Bb3 Bxh6 14. Qxh6 Bb5
15. Nd4 a6 16. h4 Rxc3 17. bxc3 Nxa2+ 18. Bxa2 Qxa2 19. h5 Ba4 20. hxg6 fxg6
21. Qh3 Bd7 22. Qh6 Rc8 23. Qe3 e5 24. Nb3 Ba4 25. Rhg1 Bxb3 26. cxb3 Qxb3 27.
Kd2 Qb2+ 28. Ke1 Rxc3 29. Qe2 Qb3 30. Qd2 Re3+ 31. Kf2 Rc3 32. Qxd6 Rc2+ 33.
Rd2 Rxd2+ 34. Qxd2 Qb6+ 35. Qe3 Qb2+ 36. Qe2 Qd4+ 37. Qe3 Qb2+ 38. Qe2 1/2-1/2

[Event "5. ODEM U25 2008"]
[Site "Willingen GER"]
[Date "2008.05.13"]
[Round "5"]
[White "Koksch, Florian"]
[Black "Lang, Stephan"]
[Result "1-0"]
[Termination "normal"]
[Board "35"]
[WhiteElo "1866"]
[BlackElo "1451"]
[PlyCount "69"]
[WhiteFideId "24613584"]
[BlackFideId "24692557"]
[EventCountry "GER"]
[EventRounds "9"]
[EventType "swiss"]
[EventDate "2008.05.10"]

1. e4 c6 2. d4 d5 3. exd5 cxd5 4. c4 dxc4 5. Bxc4 Nc6 6. Nf3 Nf6 7. O-O e6 8.
Nc3 Be7 9. Re1 O-O 10. Bf4 a6 11. Rc1 b5 12. Bd3 Kh8 13. Bb1 Bd6 14. Bg5 Be7
15. Nxb5 axb5 16. Rxc6 Bb7 17. Qd3 g6 18. Rcc1 Bxf3 19. Qxf3 Qxd4 20. Rcd1 Qxb2
21. Re2 Qa3 22. Bxf6+ Bxf6 23. Qxf6+ Kg8 24. Re3 Qc5 25. Qc3 Qxc3 26. Rxc3 Rfd8
27. Rcd3 Rxd3 28. Rxd3 Rc8 29. Rd1 b4 30. Kf1 Kg7 31. Ke2 Kf6 32. Bd3 Ra8 33.
Bc4 Ke5 34. Rd7 Kf6 35. Rb7 1-0

[Event "5. ODEM U25 2008"]
[Site "Willingen GER"]
[Date "2008.05.13"]
[Round "5"]
[White "Drewes, Carina"]
[Black "Kuckling, Jonas"]
[Result "1-0"]
[Termination "normal"]
[Board "36"]
[WhiteElo "1676"]
[BlackElo "1420"]
[PlyCount "81"]
[WhiteFideId "24600296"]
[BlackFideId "24603856"]
[EventCountry "GER"]
[EventRounds "9"]
[EventType "swiss"]
[EventDate "2008.05.10"]

1. d4 d5 2. Nf3 Nc6 3. Bf4 Nf6 4. h3 Bf5 5. e3 Nb4 6. Bd3 Nxd3+ 7. cxd3 e6 8.
Nc3 Bb4 9. Qa4+ Nd7 10. Qxb4 b6 11. Rd1 c5 12. Qa4 O-O 13. O-O f6 14. Rd2 Bg6
15. Nb5 a5 16. Nc7 Qe7 17. Nxa8 Rxa8 18. Bh2 Be8 19. Qc2 Rc8 20. Qd1 e5 21.
dxe5 Nxe5 22. Nxe5 fxe5 23. e4 d4 24. Qg4 Rc6 25. f4 Rg6 26. Qe2 Qh4 27. Rf3
Bd7 28. f5 Rf6 29. Bxe5 Rf8 30. Rg3 Rf7 31. Qg4 Qh6 32. Qg5 Qxg5 33. Rxg5 Bb5
34. Rg3 Rd7 35. f6 Bc6 36. Rxg7+ Rxg7 37. fxg7 b5 38. Rf2 h5 39. Rf8+ Kh7 40.
g8=Q+ Kh6 41. Bf4# 1-0

[Event "5. ODEM U25 2008"]
[Site "Willingen GER"]
[Date "2008.05.13"]
[Round "5"]
[White "Meiser, Michael"]
[Black "Paulus, Jeffrey"]
[Result "1/2-1/2"]
[Termination "normal"]
[Board "37"]
[WhiteElo "1490"]
[BlackElo "1674"]
[PlyCount "121"]
[WhiteFideId "24659762"]
[BlackFideId "24692468"]
[EventCountry "GER"]
[EventRounds "9"]
[EventType "swiss"]
[EventDate "2008.05.10"]

1. e4 c5 2. Nf3 d6 3. c3 g6 4. d4 cxd4 5. cxd4 Bg7 6. Nc3 Nc6 7. Qa4 Bd7 8. Be3
Nxd4 9. Qd1 Nxf3+ 10. Qxf3 Nf6 11. Bc4 O-O 12. O-O Ng4 13. Bg5 Ne5 14. Qe2 Nxc4
15. Qxc4 Rc8 16. Qb3 h6 17. Be3 b6 18. Rfd1 Kh7 19. Bd4 Be6 20. Qc2 Qc7 21.
Bxg7 Kxg7 22. Qd3 Qc4 23. Qe3 Qc5 24. Qd3 Bc4 25. Qf3 e6 26. Rac1 Qe5 27. Qe3
g5 28. g3 Rfd8 29. f4 Qc5 30. Kf2 d5 31. Qxc5 Rxc5 32. b3 Ba6 33. b4 Rc4 34.
fxg5 hxg5 35. exd5 exd5 36. a3 d4 37. Ne4 Kg6 38. Rxc4 Bxc4 39. Rc1 b5 40. Nd2
d3 41. Ke1 Kf5 42. Nxc4 bxc4 43. Rxc4 d2+ 44. Kd1 Rd3 45. a4 f6 46. Rc7 Rd4 47.
Rxa7 Rxb4 48. Kxd2 Rb2+ 49. Ke3 Rxh2 50. Kf3 Rb2 51. Ra5+ Ke6 52. Rb5 Ra2 53.
a5 Ra4 54. Rb6+ Kd7 55. Rxf6 g4+ 56. Ke3 Rxa5 57. Kf4 Ra4+ 58. Kg5 Ke7 59. Rf4
Rxf4 60. Kxf4 Kf6 61. Kxg4 1/2-1/2

[Event "5. ODEM U25 2008"]
[Site "Willingen GER"]
[Date "2008.05.13"]
[Round "5"]
[White "Voss, Mathieu"]
[Black "Maßloch, Philipp"]
[Result "1-0"]
[Termination "normal"]
[Board "38"]
[WhiteElo "1452"]
[BlackElo "1585"]
[PlyCount "71"]
[BlackFideId "24692476"]
[EventCountry "GER"]
[EventRounds "9"]
[EventType "swiss"]
[EventDate "2008.05.10"]

1. e4 c5 2. Nc3 Nc6 3. d3 d6 4. Nf3 g6 5. Be2 Bg7 6. Be3 Nf6 7. Qc1 O-O 8. Bh6
a6 9. Bxg7 Kxg7 10. O-O b5 11. Qe3 Bb7 12. e5 Ng4 13. Qe4 Ngxe5 14. Nxe5 dxe5
15. Bf3 Rb8 16. Qe2 f6 17. Ne4 Nd4 18. Qd1 Nxf3+ 19. gxf3 Qc8 20. Qe2 Qh3 21.
Qe3 Rbc8 22. Kh1 h6 23. Rg1 c4 24. Rg3 Qd7 25. Rag1 g5 26. Nc5 Qc6 27. Nxb7
Qxb7 28. d4 exd4 29. Qxd4 Rfd8 30. Qe3 Qd5 31. Qxe7+ Kg6 32. h4 Qd4 33. hxg5
Qh4+ 34. Kg2 hxg5 35. Rh1 Re8 36. Qxe8+ 1-0

[Event "5. ODEM U25 2008"]
[Site "Willingen GER"]
[Date "2008.05.13"]
[Round "5"]
[White "Schätz, Christopher"]
[Black "Arnold, Sebastian"]
[Result "1-0"]
[Termination "normal"]
[Board "39"]
[WhiteElo "2033"]
[BlackElo "1366"]
[PlyCount "55"]
[WhiteFideId "24623997"]
[BlackFideId "24692603"]
[EventCountry "GER"]
[EventRounds "9"]
[EventType "swiss"]
[EventDate "2008.05.10"]

1. e4 e5 2. f4 Nc6 3. Nf3 d6 4. Bb5 Bd7 5. O-O exf4 6. d4 g6 7. Bxf4 Bg7 8. c3
Qe7 9. Nbd2 O-O-O 10. b4 Nh6 11. a4 Nb8 12. Bd3 Rhf8 13. b5 f5 14. Bg5 Qe6 15.
Bxd8 Kxd8 16. Qb3 Qe7 17. Rae1 Be6 18. d5 Bd7 19. exf5 Qf6 20. fxg6 Qxc3 21.
Qxc3 Bxc3 22. gxh7 Bg4 23. Ng5 Bd4+ 24. Kh1 Bf2 25. Rxf2 Rxf2 26. h8=Q+ Rf8 27.
Qxf8+ Kd7 28. Re7# 1-0

[Event "5. ODEM U25 2008"]
[Site "Willingen GER"]
[Date "2008.05.13"]
[Round "5"]
[White "Reichert, Manuel"]
[Black "Gerntke, Oliver"]
[Result "1-0"]
[Termination "normal"]
[Board "40"]
[WhiteElo "1946"]
[BlackElo "1796"]
[PlyCount "59"]
[WhiteFideId "24674028"]
[BlackFideId "24647977"]
[EventCountry "GER"]
[EventRounds "9"]
[EventType "swiss"]
[EventDate "2008.05.10"]

1. d4 e6 2. c4 d5 3. Nc3 Nf6 4. cxd5 exd5 5. Bg5 Nbd7 6. e3 c6 7. Bd3 Be7 8.
Qc2 O-O 9. Nf3 Re8 10. O-O Nf8 11. Rab1 Ng6 12. b4 Bg4 13. Nd2 a6 14. a4 Nd7
15. Bxe7 Qxe7 16. b5 axb5 17. axb5 Qg5 18. Ne2 Re6 19. bxc6 bxc6 20. Ng3 Rf6
21. Rb7 Ndf8 22. Rc7 h5 23. f4 Qh6 24. Rxc6 Rxc6 25. Qxc6 Ra2 26. Nb1 h4 27.
Nf5 Qh5 28. Qxd5 Be2 29. Bxe2 Rxe2 30. Ne7+ 1-0

[Event "5. ODEM U25 2008"]
[Site "Willingen GER"]
[Date "2008.05.13"]
[Round "5"]
[White "Schäfer, Emma"]
[Black "Lehmann, Ruben"]
[Result "0-1"]
[Termination "normal"]
[Board "41"]
[WhiteElo "1348"]
[BlackElo "1780"]
[PlyCount "52"]
[WhiteFideId "24659312"]
[BlackFideId "24671177"]
[EventCountry "GER"]
[EventRounds "9"]
[EventType "swiss"]
[EventDate "2008.05.10"]

1. d4 Nf6 2. Nf3 c5 3. c3 d5 4. e3 Nc6 5. Bd3 Bg4 6. Nbd2 e6 7. O-O Bd6 8. Qe2
O-O 9. dxc5 Bxc5 10. e4 e5 11. exd5 Nxd5 12. Ne4 Bb6 13. h3 Bxf3 14. Qxf3 f5
15. Bg5 fxe4 16. Bxd8 exf3 17. Bxb6 fxg2 18. Rfe1 Nxb6 19. Be4 Rae8 20. Re2 Nd7
21. Bxg2 Nc5 22. Re3 e4 23. b4 Na4 24. Bxe4 Nxc3 25. Bxc6 Rxe3 26. fxe3 bxc6
0-1

[Event "5. ODEM U25 2008"]
[Site "Willingen GER"]
[Date "2008.05.13"]
[Round "5"]
[White "Popp, Maximilian"]
[Black "Neitzel, Mirko"]
[Result "0-1"]
[Termination "normal"]
[Board "42"]
[WhiteElo "1560"]
[BlackElo "1720"]
[PlyCount "82"]
[WhiteFideId "24673668"]
[BlackFideId "24657298"]
[EventCountry "GER"]
[EventRounds "9"]
[EventType "swiss"]
[EventDate "2008.05.10"]

1. e4 c5 2. Nc3 Nc6 3. f4 g6 4. Nf3 Bg7 5. Be2 d6 6. O-O Nf6 7. d3 O-O 8. Be3
a6 9. a4 b6 10. h3 d5 11. exd5 Nxd5 12. Nxd5 Qxd5 13. Ne5 Nxe5 14. fxe5 Qxe5
15. Qd2 Qd6 16. c3 Bf5 17. Bh6 Rfd8 18. Bxg7 Kxg7 19. Rad1 e5 20. Qg5 h6 21.
Qh4 Be6 22. Qf6+ Kh7 23. Bf3 Ra7 24. Be4 Bb3 25. Ra1 Bc2 26. h4 Bxd3 27. Qxd6
Rxd6 28. Rfd1 Rad7 29. Bxd3 Rxd3 30. Re1 f6 31. Kf2 Rd2+ 32. Re2 Rxe2+ 33. Kxe2
Kg7 34. Ra3 c4 35. b3 cxb3 36. Rxb3 Rd6 37. a5 bxa5 38. Rb7+ Kf8 39. Rb8+ Kf7
40. Rb7+ Ke6 41. Rh7 h5 0-1

[Event "5. ODEM U25 2008"]
[Site "Willingen GER"]
[Date "2008.05.13"]
[Round "5"]
[White "Schirra, Felix"]
[Black "George, Tom"]
[Result "1-0"]
[Termination "normal"]
[Board "43"]
[WhiteElo "1197"]
[BlackElo "1669"]
[PlyCount "73"]
[WhiteFideId "24692662"]
[BlackFideId "24659487"]
[EventCountry "GER"]
[EventRounds "9"]
[EventType "swiss"]
[EventDate "2008.05.10"]

1. e4 c5 2. Nf3 d6 3. d4 cxd4 4. Nxd4 Nf6 5. Nc3 a6 6. Bg5 e6 7. f4 Qb6 8. Nb3
Qe3+ 9. Qe2 Ng4 10. Nd1 Qxe2+ 11. Bxe2 Nf6 12. Nc3 b5 13. Bf3 Ra7 14. O-O-O Bb7
15. Rhe1 Nbd7 16. Na5 Ba8 17. e5 Bxf3 18. gxf3 b4 19. Na4 Nd5 20. exd6 N7b6 21.
Nxb6 Nxb6 22. f5 Kd7 23. fxe6+ fxe6 24. c4 bxc3 25. bxc3 Nd5 26. c4 Nb4 27. a3
Nc6 28. Nxc6 Kxc6 29. Rxe6 Kd7 30. Re3 g6 31. c5 Kc6 32. Kc2 Rd7 33. Bf6 Rg8
34. Re8 Rf7 35. Be7 Rxf3 36. d7 Rf2+ 37. Kc1 1-0

[Event "5. ODEM U25 2008"]
[Site "Willingen GER"]
[Date "2008.05.13"]
[Round "5"]
[White "Melzer, Marcel"]
[Black "Schneider, Johannes"]
[Result "0-1"]
[Termination "normal"]
[Board "44"]
[WhiteElo "1745"]
[BlackElo "1645"]
[PlyCount "84"]
[WhiteFideId "24671886"]
[BlackFideId "24687260"]
[EventCountry "GER"]
[EventRounds "9"]
[EventType "swiss"]
[EventDate "2008.05.10"]

1. d4 d5 2. c4 e6 3. Nc3 Nf6 4. Bg5 c6 5. Nf3 Nbd7 6. e3 Be7 7. Bd3 dxc4 8.
Bxc4 b5 9. Bd3 a6 10. Qc2 c5 11. dxc5 Nxc5 12. Rd1 Nxd3+ 13. Rxd3 Qc7 14. Bf4
Qc5 15. O-O Bb7 16. Qe2 O-O 17. Rfd1 Rad8 18. Ne5 b4 19. Na4 Qb5 20. b3 Be4 21.
Nb2 Bxd3 22. Rxd3 Rxd3 23. Qxd3 Qxd3 24. Nbxd3 Rc8 25. Nc4 Nd5 26. Be5 Nc3 27.
Nc1 Rd8 28. Nb2 Rd2 29. Ncd3 Nxa2 30. Kf1 f6 31. Bg3 Nc1 32. Nxc1 Rxb2 33. Ke1
Rc2 34. Kd1 Rc3 35. e4 Bc5 36. Kd2 e5 37. h4 Kf7 38. h5 Ke6 39. Bh4 g6 40. hxg6
hxg6 41. g4 g5 42. Bg3 Kd6 0-1

[Event "5. ODEM U25 2008"]
[Site "Willingen GER"]
[Date "2008.05.13"]
[Round "5"]
[White "Usov, Andreas"]
[Black "Hentschel, Tobias"]
[Result "0-1"]
[Termination "normal"]
[Board "45"]
[WhiteElo "1461"]
[BlackElo "1812"]
[PlyCount "110"]
[WhiteFideId "24601713"]
[EventCountry "GER"]
[EventRounds "9"]
[EventType "swiss"]
[EventDate "2008.05.10"]

1. e4 e5 2. Nf3 Nc6 3. Nc3 Bc5 4. Bc4 Nf6 5. h3 d6 6. d3 Be6 7. Bb3 Bxb3 8.
cxb3 h6 9. Qe2 O-O 10. Nh4 Nd4 11. Qd1 Nxe4 12. Nxe4 Bb4+ 13. Nc3 Qxh4 14. O-O
c6 15. Re1 Bc5 16. Re4 Qd8 17. Rg4 f5 18. Rg6 Rf6 19. Rg3 f4 20. Rg4 d5 21. Rh4
Rf5 22. Rh5 Qf6 23. Qg4 Rxh5 24. Qxh5 Rf8 25. Bd2 Qf5 26. Qxf5 Rxf5 27. Kf1 Kf7
28. Rc1 Ne6 29. f3 Bd4 30. b4 Rf6 31. Nd1 Ke7 32. Bc3 Kd6 33. Nf2 h5 34. a4 Rf7
35. a5 Rc7 36. Nd1 Be3 37. Ra1 Bd4 38. Nf2 c5 39. bxc5+ Bxc5 40. Re1 Bd4 41.
Nd1 a6 42. Re2 Bxc3 43. bxc3 Rc5 44. Ra2 Rb5 45. Nb2 Nc5 46. c4 Rb3 47. Ke2
dxc4 48. Nxc4+ Kd5 49. Nb6+ Kd4 50. Rc2 Rc3 51. Rb2 Nb3 52. Nd7 Rxd3 53. Nb6 e4
54. fxe4 Kxe4 55. Rc2 Nd4+ 0-1

[Event "5. ODEM U25 2008"]
[Site "Willingen GER"]
[Date "2008.05.13"]
[Round "5"]
[White "Laqua, Stefan"]
[Black "Wang, Julia"]
[Result "1-0"]
[Termination "normal"]
[Board "46"]
[WhiteElo "1684"]
[BlackElo "1432"]
[PlyCount "69"]
[WhiteFideId "4674634"]
[BlackFideId "24692565"]
[EventCountry "GER"]
[EventRounds "9"]
[EventType "swiss"]
[EventDate "2008.05.10"]

1. e4 c6 2. d4 d5 3. Nc3 dxe4 4. Nxe4 Bf5 5. Ng3 Bg6 6. h4 h6 7. Nf3 Nd7 8. h5
Bh7 9. Bd3 Bxd3 10. Qxd3 Ngf6 11. Bd2 e6 12. O-O-O Bd6 13. Rde1 O-O 14. Ne4 Be7
15. Nxf6+ Bxf6 16. g4 Be7 17. Rhg1 Nf6 18. g5 Nxh5 19. gxh6 g6 20. Ne5 Qe8 21.
Nxg6 fxg6 22. Rxg6+ Kh8 23. Rg7 Nf6 24. Bg5 Ne4 25. Qxe4 Bxg5+ 26. Rxg5 Qe7 27.
Rg7 Qxg7 28. hxg7+ Kxg7 29. Qxe6 Rf7 30. Rg1+ Kf8 31. Qd6+ Re7 32. Rh1 Rae8 33.
Rh8+ Kf7 34. Rh7+ Kf8 35. Qf6+ 1-0

[Event "5. ODEM U25 2008"]
[Site "Willingen GER"]
[Date "2008.05.13"]
[Round "5"]
[White "Janiesch, Maike"]
[Black "Nake, Marianne"]
[Result "1-0"]
[Termination "normal"]
[Board "48"]
[WhiteElo "1698"]
[BlackElo "1427"]
[PlyCount "97"]
[EventCountry "GER"]
[EventRounds "9"]
[EventType "swiss"]
[EventDate "2008.05.10"]

1. d4 d5 2. Bg5 c6 3. e3 Bf5 4. Nf3 Nd7 5. c4 Ngf6 6. Nc3 e6 7. cxd5 cxd5 8.
Qb3 Qb6 9. Qxb6 Nxb6 10. Bxf6 gxf6 11. Bb5+ Nd7 12. O-O O-O-O 13. Rfc1 Kb8 14.
Nh4 Bg4 15. h3 Bh5 16. Rc2 Rg8 17. Rac1 f5 18. Bxd7 Rxd7 19. Nxd5 Bg7 20. Nf4
Bg6 21. Nhxg6 hxg6 22. a3 Rh8 23. Kf1 a6 24. Nd3 g5 25. Nc5 Re7 26. b4 g4 27.
hxg4 Rh1+ 28. Ke2 Rxc1 29. Rxc1 fxg4 30. Rh1 b6 31. Nxa6+ Kb7 32. b5 Bf8 33.
Rh8 Bg7 34. Rh5 f5 35. Rh7 Bf8 36. Rxe7+ Bxe7 37. Nb4 Bxb4 38. axb4 Kc7 39. Kd3
Kd6 40. e4 Kd7 41. f3 gxf3 42. gxf3 Ke7 43. exf5 exf5 44. d5 Kf7 45. Kd4 Kf6
46. f4 Kf7 47. Ke5 Ke7 48. d6+ Ke8 49. Ke6 1-0

[Event "5. ODEM U25 2008"]
[Site "Willingen GER"]
[Date "2008.05.13"]
[Round "5"]
[White "Wolkow, Michael"]
[Black "Neumair, Dorian"]
[Result "1-0"]
[Termination "normal"]
[Board "49"]
[WhiteElo "1566"]
[BlackElo "1184"]
[PlyCount "43"]
[EventCountry "GER"]
[EventRounds "9"]
[EventType "swiss"]
[EventDate "2008.05.10"]

1. e4 e5 2. Nf3 Nc6 3. Bc4 Nf6 4. Ng5 d5 5. exd5 Na5 6. Bb5+ c6 7. dxc6 bxc6 8.
Ba4 Bd7 9. O-O Be7 10. Qe2 Qc7 11. Nc3 O-O 12. d3 Nd5 13. Nxd5 cxd5 14. Bxd7 f6
15. Be6+ Kh8 16. Nf7+ Kg8 17. Nxe5+ Kh8 18. Nf7+ Kg8 19. Qh5 Rxf7 20. Bxf7+ Kf8
21. Bxd5 Bd6 22. Bxa8 1-0

[Event "5. ODEM U25 2008"]
[Site "Willingen GER"]
[Date "2008.05.13"]
[Round "5"]
[White "Holle, Eric"]
[Black "Bauer, Hermann"]
[Result "0-1"]
[Termination "normal"]
[Board "50"]
[WhiteElo "1400"]
[BlackElo "1549"]
[PlyCount "49"]
[WhiteFideId "4624610"]
[BlackFideId "24601730"]
[EventCountry "GER"]
[EventRounds "9"]
[EventType "swiss"]
[EventDate "2008.05.10"]

1. e4 c5 2. Nf3 Nc6 3. d4 cxd4 4. Nxd4 Nf6 5. Nc3 e5 6. Nb3 Bb4 7. Bg5 h6 8.
Bxf6 Bxc3+ 9. bxc3 Qxf6 10. Bc4 d6 11. Bd5 Bd7 12. O-O Rc8 13. Rb1 b6 14. Qd2
Ne7 15. c4 Nxd5 16. cxd5 O-O 17. f4 Rc4 18. Qd3 Rfc8 19. Rf2 exf4 20. Rbf1 Qe5
21. Rxf4 f6 22. R1f2 Rxc2 23. Rxc2 Rxc2 24. Qxc2 Qxf4 25. Qc7 0-1